Normal view
MARC view
- نقلي،عصام عباس محمد علي؛ اشراف ربيع محمود الروبي/احمد عبدالرزاق الكبيسي
Entry Personal Name
001 - CONTROL NUMBER
- control field: 41062
003 - CONTROL NUMBER IDENTIFIER
- control field: JO-AjAnu
005 - DATE AND TIME OF LATEST TRANSACTION
- control field: 20230606080824.0
008 - FIXED-LENGTH DATA ELEMENTS
- fixed length control field: 230606|| aca||aabn | a|a d
040 ## - CATALOGING SOURCE
- Original cataloging agency: JO-AjAnu
- Transcribing agency: JO-AjAnu
100 ## - HEADING--PERSONAL NAME
- Personal name: نقلي،عصام عباس محمد علي؛ اشراف ربيع محمود الروبي/احمد عبدالرزاق الكبيسي
670 ## - SOURCE DATA FOUND
- Source citation: Work cat.: (JO-AjAnu)21044: نقلي،عصام عباس محمد علي؛ اشراف ربيع محمود الروبي/احمد عبدالرزاق الكبيسي, author, تحليل الفكر الاقتصادي في العصر العباسي الاول ومدى الاستفادة منه في الاقتصاد المعاصر